|
|
|
|
| LEADER |
00000nam0a2200000 4500 |
| 001 |
296647 |
| 005 |
20231102000928.0 |
| 020 |
|
|
|a RU
|b 79-44172
|
| 035 |
|
|
|a (RuTPU)RU\TPU\book\321755
|
| 090 |
|
|
|a 296647
|
| 100 |
|
|
|a 20150602d1979 k y0rusy5003 ca
|
| 101 |
0 |
|
|a rus
|
| 102 |
|
|
|a RU
|
| 105 |
|
|
|a a z 001zy
|
| 200 |
1 |
|
|a "Демографический взрыв" и неомальтузианство
|f Ю. П. Лисицын, Л. Г. Перекопская
|
| 210 |
|
|
|a Москва
|c Медицина
|d 1979
|
| 215 |
|
|
|a 198 с.
|c граф.
|
| 320 |
|
|
|a Библиогр.: с. 195-197.
|
| 606 |
1 |
|
|a Демография
|2 stltpush
|3 (RuTPU)RU\TPU\subj\9057
|9 36346
|
| 606 |
1 |
|
|a Статистика медико-санитарная
|2 stltpush
|3 (RuTPU)RU\TPU\subj\56831
|9 74720
|
| 610 |
1 |
|
|a здравоохранение
|
| 610 |
1 |
|
|a планирование
|
| 610 |
1 |
|
|a расходы
|
| 610 |
1 |
|
|a население
|
| 610 |
1 |
|
|a возраст
|
| 610 |
1 |
|
|a плотность
|
| 610 |
1 |
|
|a численность
|
| 610 |
1 |
|
|a рождаемость
|
| 610 |
1 |
|
|a смертность
|
| 610 |
1 |
|
|a мальтузианство
|
| 610 |
1 |
|
|a демографический взрыв
|
| 675 |
|
|
|a 614.1
|v 3
|
| 686 |
|
|
|a С7
|2 rubbk
|
| 700 |
|
1 |
|a Лисицын
|b Ю. П.
|4 070
|
| 701 |
|
1 |
|a Перекопская
|b Л. Г.
|4 070
|
| 801 |
|
0 |
|a RU
|b RuMRKP
|c 19950704
|g psbo
|
| 801 |
|
1 |
|a RU
|b 63413507
|c 20150602
|
| 801 |
|
2 |
|a RU
|b 63413507
|c 20150604
|g RCR
|
| 942 |
|
|
|c BK
|